| 000 | 00811cam a2200253 a 4500 | ||
|---|---|---|---|
| 001 | 000014353 | ||
| 005 | 20260218080533.0 | ||
| 008 | 810113s1974 sp 000 0 spa | ||
| 020 | _a8473390636 | ||
| 040 |
_aDO-SdBNP _bspa _cBNPHU |
||
| 082 |
_a320.5322 _bS782f |
||
| 100 | 1 |
_aStalin, Joseph, _d1879-1953. _932407 |
|
| 245 | 1 | 0 |
_aFundamentos del leninismo / _cJosé Stalin. |
| 260 |
_aMadrid : _bAKAL, _c1974. |
||
| 300 |
_a146 p. ; _c18 cm. |
||
| 490 | 1 |
_aAKAL _v74/10 |
|
| 500 | _a"Conferencias pronunciadas en la Universidad Sverdlof a comienzos de abril de 1924" | ||
| 590 | _aInventariado, 2019/MFF | ||
| 600 | 1 | 0 |
_aLENIN, VLADIMIR ILICH, _d1870-1924. _932408 |
| 650 | 4 |
_aComunismo _92880 |
|
| 650 | 0 |
_aMarxismo _95234 |
|
| 830 | 0 |
_aAKAL ; _v74/10 _932409 |
|
| 910 | _aValidado. Control de calidad MFF | ||
| 999 |
_c13945 _d13945 |
||